00882nam a2200229 a 4500008004100000040002500041041000800066044001100074080005500085080003200140100002600172245004300198250001200241260009400253300002100347500011500368600004300483020000700526958000600533999001700539952009600556960124s1965||||[C 0 slo c aSNKbslocSNKeAACR21 aslo axocSK a92 Andraščík, J.+885.4-2 Andraščík, J. a885.4-2 Andraščík, J.1 aSedlák, Imrich4aut10aJán AndraščíkcImrich Sedlák a1. vyd. aKošicebVýchodoslov. vydav.c1965eS.l.Východoslov. tlač.fVýchodoslov. tlač. a79, [3] s.c8ř aLit. Bibl. Pozn. k text. úprave. Odkazy na lit. Fot. Frontispice. Slovník menej známych slov. Reg. mien.1 aAndraščík, Ján - o ňom>2SNK c10 aA c15110d15110 001040708Ka10000b10000d2019-11-29g10.00i14147oI 0218r2019-11-29w2019-11-29yOLDO